Setup for laboratory studies of the environmental conditions influence on the fixed charge state in silicon dioxide; Journal of Instrumentation; Vol. 10 : Position Sensitive Detectors
| Parent link: | Journal of Instrumentation Vol. 10 : Position Sensitive Detectors.— 2015.— [C02045, 8 р.] |
|---|---|
| Tác giả chính: | |
| Tác giả của công ty: | |
| Tác giả khác: | , |
| Tóm tắt: | Title screen The position sensitive detectors operate in high intensity radiation field of the collider experiment [1]. Important task is to estimate the influence of different radiation effects on properties of the detector. We focus on the laboratory studies to estimate the reliability of different types of silicon detectors. We use the simple test structures produced by standard technology for the silicon detectors. We give the primary attention to the case when the depth of active detector region varies from 10 to 20 µm because it leads to the most significant influence of SiO2-Si interface on processes in silicon bulk. We present the experimental results of long term irradiation test with Am241 (one year). Influence of the environmental conditions on the fixed charge states in silicon dioxide was investigated using developed simple model. |
| Ngôn ngữ: | Tiếng Anh |
| Được phát hành: |
2015
|
| Những chủ đề: | |
| Truy cập trực tuyến: | https://doi.org/10.1088/1748-0221/10/02/C02045 |
| Định dạng: | MixedMaterials Điện tử Chương của sách |
| KOHA link: | https://koha.lib.tpu.ru/cgi-bin/koha/opac-detail.pl?biblionumber=656518 |
MARC
| LEADER | 00000naa0a2200000 4500 | ||
|---|---|---|---|
| 001 | 656518 | ||
| 005 | 20260310142257.0 | ||
| 035 | |a (RuTPU)RU\TPU\network\22959 | ||
| 035 | |a RU\TPU\network\22894 | ||
| 090 | |a 656518 | ||
| 100 | |a 20171116d2015 k||y0engy50 ba | ||
| 101 | 0 | |a eng | |
| 102 | |a GB | ||
| 135 | |a drcn ---uucaa | ||
| 181 | 0 | |a i | |
| 182 | 0 | |a b | |
| 200 | 1 | |a Setup for laboratory studies of the environmental conditions influence on the fixed charge state in silicon dioxide |f S. Kushpil, V. Kushpil, V. S. Mikhaylov | |
| 203 | |a Text |c electronic | ||
| 300 | |a Title screen | ||
| 320 | |a [Reference: 6 tit.] | ||
| 330 | |a The position sensitive detectors operate in high intensity radiation field of the collider experiment [1]. Important task is to estimate the influence of different radiation effects on properties of the detector. We focus on the laboratory studies to estimate the reliability of different types of silicon detectors. We use the simple test structures produced by standard technology for the silicon detectors. We give the primary attention to the case when the depth of active detector region varies from 10 to 20 µm because it leads to the most significant influence of SiO2-Si interface on processes in silicon bulk. We present the experimental results of long term irradiation test with Am241 (one year). Influence of the environmental conditions on the fixed charge states in silicon dioxide was investigated using developed simple model. | ||
| 461 | 0 | |0 (RuTPU)RU\TPU\network\25113 |t Journal of Instrumentation | |
| 463 | |t Vol. 10 : Position Sensitive Detectors |o 10th International conference, 7-12 September, 2014 |v [C02045, 8 р.] |d 2015 | ||
| 610 | 1 | |a электронный ресурс | |
| 610 | 1 | |a труды учёных ТПУ | |
| 610 | 1 | |a окружающая среда | |
| 610 | 1 | |a детекторы | |
| 610 | 1 | |a радиационные поля | |
| 610 | 1 | |a лабораторные исследования | |
| 610 | 1 | |a интерфейсы | |
| 700 | 1 | |a Kushpil |b S. | |
| 701 | 1 | |a Kushpil |b V. | |
| 701 | 1 | |a Mikhaylov |b V. S. |c specialist in the field of automation equipment and electronics |c Design Engineer of Tomsk Polytechnic University |f 1989- |g Vasily Sergeevich |3 (RuTPU)RU\TPU\pers\36951 | |
| 712 | 0 | 2 | |a Национальный исследовательский Томский политехнический университет |c (2009- ) |9 26305 |
| 801 | 0 | |a RU |b 63413507 |c 20180514 |g RCR | |
| 850 | |a 63413507 | ||
| 856 | 4 | |u https://doi.org/10.1088/1748-0221/10/02/C02045 | |
| 942 | |c CF | ||